000 00644nam a2200241 a 4500
008
020 _a0263062678 (pbk.)
049 _aMAIN
090 _aQD151.2
_bLIP
100 1 _aLiptrot G. F.
245 1 0 _aModern inorganic chemistry /
_cG.F. Liptrot
260 _aLondon:
_bMills & Boon,
_c1974.
300 _a2nd ed.
300 _axv, 469 p. :
_bill. ;
_c24 cm.
500 _aIncludes index.
650 _aInorganic chemistrty.
650 1 _aChemistry.
907 _a.b10181155
_b18-10-16
_c10-11-05
003
005 20230123134128.0
040 _cNUST
942 _cBOOKS
_kQD151.2
_mLIP
999 _c160549
_d160549